<?xml version="1.0" encoding="UTF-8"?>
<record
    xmlns:xsi="http://www.w3.org/2001/XMLSchema-instance"
    xsi:schemaLocation="http://www.loc.gov/MARC21/slim http://www.loc.gov/standards/marcxml/schema/MARC21slim.xsd"
    xmlns="http://www.loc.gov/MARC21/slim">

  <leader>00507nam a22001697a 4500</leader>
  <controlfield tag="005">20231102151846.0</controlfield>
  <controlfield tag="008">150825b        xxu||||| |||| 00| 0 spa d</controlfield>
  <datafield tag="020" ind1=" " ind2=" ">
    <subfield code="a">978-607-406-673-9</subfield>
  </datafield>
  <datafield tag="082" ind1=" " ind2=" ">
    <subfield code="a">343.7204 M479f 2015</subfield>
  </datafield>
  <datafield tag="245" ind1=" " ind2=" ">
    <subfield code="a">FISCO AGENDA 2015</subfield>
  </datafield>
  <datafield tag="250" ind1=" " ind2=" ">
    <subfield code="a">46a ed</subfield>
  </datafield>
  <datafield tag="260" ind1=" " ind2=" ">
    <subfield code="a">M&#xE9;xico</subfield>
    <subfield code="b">Ediciones fiscales ISEF</subfield>
    <subfield code="c">2015</subfield>
  </datafield>
  <datafield tag="300" ind1=" " ind2=" ">
    <subfield code="a">1246p</subfield>
  </datafield>
  <datafield tag="500" ind1=" " ind2=" ">
    <subfield code="a">Incluye bibliograf&#xED;a </subfield>
  </datafield>
  <datafield tag="650" ind1=" " ind2=" ">
    <subfield code="a">1-Abreviaturas / 2-Indice tematico / 3-Ley del impuesto sobre la renta correlacionada </subfield>
  </datafield>
  <datafield tag="942" ind1=" " ind2=" ">
    <subfield code="2">ddc</subfield>
    <subfield code="c">LB</subfield>
  </datafield>
  <datafield tag="952" ind1=" " ind2=" ">
    <subfield code="0">0</subfield>
    <subfield code="1">0</subfield>
    <subfield code="2">lcc</subfield>
    <subfield code="4">0</subfield>
    <subfield code="7">0</subfield>
    <subfield code="a">15</subfield>
    <subfield code="b">15</subfield>
    <subfield code="d">2015-01-26</subfield>
    <subfield code="l">4</subfield>
    <subfield code="o">343.7204 M479f 2015</subfield>
    <subfield code="p">15 007130</subfield>
    <subfield code="r">2017-12-07</subfield>
    <subfield code="s">2016-04-23</subfield>
    <subfield code="t">1</subfield>
    <subfield code="w">2015-08-25</subfield>
    <subfield code="y">LB</subfield>
  </datafield>
  <datafield tag="952" ind1=" " ind2=" ">
    <subfield code="0">0</subfield>
    <subfield code="1">0</subfield>
    <subfield code="2">lcc</subfield>
    <subfield code="4">0</subfield>
    <subfield code="7">0</subfield>
    <subfield code="a">15</subfield>
    <subfield code="b">15</subfield>
    <subfield code="d">2015-04-16</subfield>
    <subfield code="l">9</subfield>
    <subfield code="o">343.7204 M479f 2015</subfield>
    <subfield code="p">15 007135</subfield>
    <subfield code="r">2017-12-07</subfield>
    <subfield code="s">2017-08-19</subfield>
    <subfield code="t">2</subfield>
    <subfield code="w">2015-08-25</subfield>
    <subfield code="y">LB</subfield>
  </datafield>
  <datafield tag="952" ind1=" " ind2=" ">
    <subfield code="0">0</subfield>
    <subfield code="1">0</subfield>
    <subfield code="2">lcc</subfield>
    <subfield code="4">0</subfield>
    <subfield code="7">0</subfield>
    <subfield code="a">15</subfield>
    <subfield code="b">15</subfield>
    <subfield code="d">2015-04-16</subfield>
    <subfield code="l">4</subfield>
    <subfield code="o">343.7204 M479f 2015</subfield>
    <subfield code="p">15 007136</subfield>
    <subfield code="r">2017-12-07</subfield>
    <subfield code="s">2016-12-12</subfield>
    <subfield code="t">3</subfield>
    <subfield code="w">2015-08-25</subfield>
    <subfield code="y">LB</subfield>
  </datafield>
  <datafield tag="952" ind1=" " ind2=" ">
    <subfield code="0">0</subfield>
    <subfield code="1">0</subfield>
    <subfield code="2">lcc</subfield>
    <subfield code="4">0</subfield>
    <subfield code="7">0</subfield>
    <subfield code="a">15</subfield>
    <subfield code="b">15</subfield>
    <subfield code="d">2015-05-06</subfield>
    <subfield code="l">8</subfield>
    <subfield code="o">343.7204 M479f 2015</subfield>
    <subfield code="p">15 007256</subfield>
    <subfield code="r">2017-12-07</subfield>
    <subfield code="s">2016-11-16</subfield>
    <subfield code="t">4</subfield>
    <subfield code="w">2015-08-28</subfield>
    <subfield code="y">LB</subfield>
  </datafield>
  <datafield tag="999" ind1=" " ind2=" ">
    <subfield code="c">97777</subfield>
    <subfield code="d">97777</subfield>
  </datafield>
</record>
